Croisement des transports en commun lyonnais - Statistiques

Statistiques générales
  • Ce quiz a été pris 409 fois
  • Le résultat moyen est 11 sur 17
Statistiques - réponses
Croisement Nom de la station % Correct
MA-MD Bellecour
95%
MB-MD Saxe Gambetta
92%
MA-MC Hôtel de Ville Louis Pradel
89%
MA-MB Charpennes
88%
T1/T2 - MA Perrache
78%
F1-F2 Vieux Lyon Cathédrale Saint-Jean
70%
T2-T5 Grange Blanche
68%
T1-MD Guillotière
68%
T1-T6 Debourg
66%
MB-T2 Jean Macé
65%
T3-T4 Gare Part-Dieu - Villette
55%
MD-T4 Gare de Vénissieux
54%
T2-T4 Jet d'Eau
52%
MD-T6 Mermoz Pinel
47%
T3-T7 Vaulx-en-Velin
47%
T2-T6 Desgenettes
26%
T4-T6 Beauvisage CISL
24%
Aucun quiz correspondant
Distribution des résultats
% des personnes avec chaque résultat
Percentile par nombre de réponses
Votre historique - résultats
Vous n’avez pas pris ce quiz